| 000 | 00716nam a22002297a 4500 | ||
|---|---|---|---|
| 999 |
_c19719 _d19719 |
||
| 003 | AR-CdUCM | ||
| 008 | 190521b ||||| |||| 00| 0 spa d | ||
| 040 |
_aMUNICIPALIDAD PROVINCIAL DEL CUSCO _cBIBLIOTECA MUNICIPAL DEL CUSCO |
||
| 082 |
_a301.985 / _bI82 |
||
| 100 |
_aIsmodes Cairo, Aníbal _941243 |
||
| 245 | _aSociología del Peru / | ||
| 300 |
_a300 páginas ; _c25 cm. |
||
| 440 |
_aTextos ensayos _941244 |
||
| 505 | _aContenido : Urgencia de análisis -- División de trabajo -- Resentimiento serrano... | ||
| 650 |
_aIdeología _91109 |
||
| 650 |
_aDemocracia _92598 |
||
| 650 |
_aEstaciones Limeñas _941245 |
||
| 650 |
_aMilitarismo _95662 |
||
| 942 |
_2ddc _cLIBROS |
||
| 945 | _arcc | ||